000 01402cam a22003494a 4500
001 13729428
003 Nust- CAS-E
005 20180118181409.0
008 040924s2005 flua b 001 0 eng
010 _a 2004059378
020 _a082475963X (alk. paper)
040 _aDLC
_cDLC
_dDLC
_dDLC
042 _apcc
050 0 0 _aTK8322
_b.O73 2004
082 0 0 _a621.381542
_222
_bORG 2005
245 0 0 _aOrganic photovoltaics :
_bmechanism, materials, and devices /
_c[edited by] Sam-Shajing Sun, Niyazi Serdar Sariciftci.
260 _aBoca Raton, FL :
_bTaylor & Francis,
_c2005.
300 _axxi, 629 p. :
_bill. ;
_c26 cm.
490 1 _aOptical engineering
502 _a0
504 _aIncludes bibliographical references and index.
650 0 _aPhotovoltaic cells.
650 0 _aOrganic semiconductors.
700 1 _aSun, Sam-Shajing.
700 1 _aSariciftci, Niyazi Serdar.
830 0 _aOptical engineering (Marcel Dekker, Inc.)
856 4 1 _3Table of contents only
_uhttp://www.loc.gov/catdir/toc/fy0710/2004059378.html
856 4 2 _3Publisher description
_uhttp://www.loc.gov/catdir/enhancements/fy0648/2004059378-d.html
906 _a7
_bcbc
_corignew
_d1
_eocip
_f20
_gy-gencatlg
942 _2ddc
_cBK
999 _c355671
_d355671